|
|
|
|
| LEADER |
00000nam0a2200000 4500 |
| 001 |
297481 |
| 005 |
20231102001019.0 |
| 035 |
|
|
|a (RuTPU)RU\TPU\book\322614
|
| 090 |
|
|
|a 297481
|
| 100 |
|
|
|a 20150608d1984 km y0rusy50 ca
|
| 101 |
0 |
|
|a rus
|
| 102 |
|
|
|a RU
|
| 105 |
|
|
|a y z 000zy
|
| 200 |
1 |
|
|a Обучение научных работников иностранным языкам
|f Академия наук СССР (АН СССР) ; под ред. М. Я. Цвиллинга
|
| 210 |
|
|
|a Москва
|c Наука
|d 1984
|
| 215 |
|
|
|a 288 с.
|
| 606 |
1 |
|
|a Иностранные языки
|x Методика преподавания
|2 stltpush
|3 (RuTPU)RU\TPU\subj\12658
|9 39408
|
| 610 |
1 |
|
|a научные работники
|
| 610 |
1 |
|
|a обучение
|
| 610 |
1 |
|
|a преподавание
|
| 610 |
1 |
|
|a научные тексты
|
| 610 |
1 |
|
|a газетные тексты
|
| 610 |
1 |
|
|a переводы
|
| 610 |
1 |
|
|a лингвостилистика
|
| 610 |
1 |
|
|a страноведение
|
| 686 |
|
|
|a Ш12-9
|v LBC/SL-A
|2 rubbk
|
| 702 |
|
1 |
|a Цвиллинг
|b М. Я.
|4 340
|
| 712 |
0 |
2 |
|a Академия наук СССР (АН СССР)
|c (1925-1991)
|2 stltpush
|3 (RuTPU)RU\TPU\col\722
|
| 801 |
|
1 |
|a RU
|b 63413507
|c 20150608
|
| 801 |
|
2 |
|a RU
|b 63413507
|c 20170208
|g RCR
|
| 942 |
|
|
|c BK
|